5 Letter Countries - Statistics

General Stats
  • This quiz has been taken 60 times
  • The average score is 15 of 24
Answer Stats
Answer % Correct
Spain
79%
Japan
77%
Egypt
74%
Haiti
70%
Tonga
70%
Yemen
70%
Italy
67%
Nauru
67%
Samoa
67%
Chile
65%
China
65%
Palau
65%
Libya
63%
Ghana
60%
India
58%
Kenya
58%
Qatar
58%
Sudan
58%
Syria
58%
Malta
56%
Benin
53%
Gabon
47%
Niger
47%
Nepal
42%
No matching quizzes found
Score Distribution
Percent of People with Each Score
Percentile by Number Answered
Your Score History
You have not taken this quiz